| 000 | 00360nam a2200145Ia 4500 | ||
|---|---|---|---|
| 008 | 230917s9999||||xx |||||||||||||| ||und|| | ||
| 040 |
_e36433 _aMAIN |
||
| 041 | _aEnglish | ||
| 082 | _a658.4 H529B | ||
| 100 | _aHicks, Herbert G | ||
| 245 | 0 | _aBusiness: An involvement approach | |
| 260 |
_aTokyo _bMcGraw-Hill _c1975 |
||
| 300 | _axi, 485 p. | ||
| 942 | _cBK | ||
| 999 |
_c198128 _d198128 |
||